000 00665cam a2200157 4500500
005 20251214031031.0
041 _afre
042 _adc
100 1 0 _aLenoir, Daniel
_eauthor
245 0 0 _aSocial security, an octogenarian still going strong
260 _c2025.
500 _a55
520 _aAs we celebrate 80 years of social security, an inspector general of social affairs recalls the objectives set by the National Council of Resistance and outlines the challenges it faces today.
786 0 _nEsprit | Octobre | 10 | 2025-10-21 | p. 25-29 | 0014-0759
856 4 1 _uhttps://shs.cairn.info/journal-esprit-2025-10-page-25?lang=en&redirect-ssocas=7080
999 _c1574436
_d1574436